000 01102nam a2200325Ia 4500
001 Z_5981
003 CHAP
008 220113s9999 xx 000 0 und d
010 _a169194
020 _a84-8476-310-2 / 978-84-8476-310-9
040 _cCHAP
082 _a333.7140946 G66
100 _aGómez Orea, Domingo
_949838
245 _aEvaluación ambiental estratégica : un instrumento para integrar el medio ambiente en la elaboración de planes y programas /
_cDomingo Gómez Orea ; colaboración Mauricio Gómez Villarino y Alejandro Gómez Villarino
260 _aMéxico :
_bMundi-Prensa,
_c
300 _a366 p.
503 _aej.1: s/n
504 _aBibliografía: p. 361-364
650 _aAnálisis del impacto ambiental
_xEspaña
_9143606
650 _aPlanificación estratégica
_xEspaña
_9143607
650 _aPolítica ambiental
_xEspaña
_9143608
700 _a Gómez Villarino, Alejandro
_9143609
700 _aGómez Villarino, Mauricio
_9143610
901 _a333.7140946 G66
902 _aM
910 _a
942 _c1
942 _cc1
999 _c169194
_d169194